[Event "5.liga SE-SI 2019/2020"]
[Site "?"]
[Date "2019.12.07"]
[Round "4.4"]
[White "Papanek, Lubomir"]
[Black "Suchovsky, Martin"]
[Result "1-0"]
[WhiteElo "1586"]
[BlackElo "1000"]
[PlyCount "105"]
[EventDate "2019.10.19"]
[WhiteTeam "Jabuèa Petrova Ves - Gbely E"]
[BlackTeam "Šachový klub Holíè C"]

1. d4 d5 2. c4 c6 3. Nc3 Bf5 4. e3 Nf6 5. Bd3 e6 6. Bxf5 exf5 7. cxd5 Nxd5 8.
Nge2 Bd6 9. Nxd5 cxd5 10. O-O Qc7 11. g3 Nd7 12. Nc3 Nf6 13. Bd2 g5 14. Qb3 Qc6
15. Rac1 Qc4 16. Qb5+ Qxb5 17. Nxb5 Ke7 18. f3 Kd7 19. Rc2 a6 20. Nxd6 Kxd6 21.
Rfc1 Rad8 22. Ba5 Rd7 23. Bb6 g4 24. f4 Ne4 25. Rc8 Rxc8 26. Rxc8 f6 27. Kf1
Nd2+ 28. Kf2 Nc4 29. Bc5+ Ke6 30. Re8+ Kf7 31. Rf8+ Kg7 32. Re8 Kf7 33. Rf8+
Kg7 34. Re8 Nxb2 35. Re7+ Rxe7 36. Bxe7 Nd1+ 37. Ke2 Nc3+ 38. Kd3 Nxa2 39. Kc2
a5 40. Kb2 Nb4 41. Bxb4 axb4 42. Kb3 h5 43. Kxb4 h4 44. Kb5 Kh6 45. Kb6 hxg3
46. hxg3 Kg7 47. Kxb7 Kf7 48. Kc6 Ke6 49. Kc5 Ke7 50. Kxd5 Kd7 51. Kc5 Kc7 52.
d5 Kd7 53. d6 1-0

[Event "5.liga SE-SI 2019/2020"]
[Site "?"]
[Date "2019.12.07"]
[Round "4.4"]
[White "Matula, Tomas"]
[Black "Ralbovsky, Milan"]
[Result "0-1"]
[WhiteElo "1000"]
[BlackElo "1271"]
[PlyCount "136"]
[EventDate "2019.10.19"]
[WhiteTeam "Šachový klub Holíè C"]
[BlackTeam "Jabuèa Petrova Ves - Gbely E"]

1. e4 b6 2. Nc3 Bb7 3. Bc4 e6 4. d4 Bb4 5. a3 Bxc3+ 6. bxc3 Bxe4 7. Qg4 Bg6 8.
Nf3 Nf6 9. Qh4 Bxc2 10. Bg5 h6 11. Bxf6 Qxf6 12. Qxf6 gxf6 13. Rc1 Be4 14. O-O
Rg8 15. Be2 a5 16. g3 Bxf3 17. Bxf3 Ra7 18. Rb1 a4 19. Bd1 c6 20. Rxb6 Ke7 21.
Rb4 c5 22. dxc5 Rc8 23. Be2 Nc6 24. Rh4 Ne5 25. Bd1 Rxc5 26. Rxa4 Rxa4 27. Bxa4
Ra5 28. Bb3 Rxa3 29. Rb1 Nf3+ 30. Kg2 Nd2 31. Rb2 Nxb3 32. c4 Nd4 33. Rb4 Rc3
34. c5 Nc2 35. Rb5 Ne1+ 36. Kh3 Nd3 37. c6 Rxc6 38. Kg2 Rc2 39. Rh5 Nxf2 40.
Kf3 Nd3 41. Rxh6 Ne5+ 42. Kf4 Rf2+ 43. Ke3 Ng4+ 44. Kd3 Nxh6 45. h4 Rg2 46. Ke3
Nf5+ 47. Kf3 Rxg3+ 48. Kf4 Rg1 49. h5 d5 50. h6 Nxh6 51. Ke3 Rg4 52. Kd2 Rg3
53. Ke2 Ra3 54. Kd2 f5 55. Ke2 f4 56. Kf2 Ng4+ 57. Ke2 f3+ 58. Kf1 Ra2 59. Ke1
f2+ 60. Kf1 Ra1+ 61. Ke2 f1=Q+ 62. Kd2 Ra8 63. Kc3 Qf3+ 64. Kd4 Qf4+ 65. Kc5
Rc8+ 66. Kb6 Qb4+ 67. Ka7 Qb1 68. Ka6 Ra8# 0-1

[Event "5.liga SE-SI 2019/2020"]
[Site "?"]
[Date "2020.01.18"]
[Round "5.1"]
[White "Kanka, Tomas"]
[Black "Zajicek, Ferdinand"]
[Result "1/2-1/2"]
[WhiteElo "1755"]
[BlackElo "1707"]
[PlyCount "22"]
[EventDate "2019.10.19"]
[WhiteTeam "Jabuèa Petrova Ves - Gbely E"]
[BlackTeam "ŠK Nafta Gbely D"]

1. d4 c5 2. c3 cxd4 3. Qxd4 Nc6 4. Qd1 d5 5. e4 dxe4 6. Qxd8+ Nxd8 7. Bb5+ Bd7
8. Na3 Nc6 9. Ne2 Nf6 10. h3 g6 11. O-O Bg7 1/2-1/2

[Event "5.liga SE-SI 2019/2020"]
[Site "?"]
[Date "2020.01.18"]
[Round "5.1"]
[White "Hyza, Richard"]
[Black "Kastler, Peter"]
[Result "1/2-1/2"]
[WhiteElo "1218"]
[BlackElo "1681"]
[PlyCount "135"]
[EventDate "2019.10.19"]
[WhiteTeam "ŠK Nafta Gbely D"]
[BlackTeam "Jabuèa Petrova Ves - Gbely E"]

1. f4 d5 2. Nf3 Bf5 3. e3 e6 4. Be2 g6 5. O-O Bg7 6. d3 Nd7 7. Nc3 Ngf6 8. h3
h5 9. Ne5 h4 10. Bd2 Nc5 11. Ng4 Bxg4 12. Bxg4 Nxg4 13. Qxg4 O-O 14. Be1 Bf6
15. g3 hxg3 16. Bxg3 Kg7 17. Kg2 Rh8 18. Rh1 Bh4 19. Bxh4 Rxh4 20. Qg5 Qf6 21.
Qxf6+ Kxf6 22. Kg3 Rh5 23. Raf1 a6 24. b3 Nd7 25. Kg4 Rah8 26. h4 Nb8 27. a3
Nc6 28. Rh3 b6 29. Rfh1 d4 30. Ne2 dxe3 31. Rxe3 Kg7 32. Rh2 f5+ 33. Kg3 Kf6
34. d4 Rd8 35. c3 Ne7 36. Rh3 Nc8 37. Kf2 Nd6 38. Rd3 Ne4+ 39. Kg2 c6 40. Ng1
Rdh8 41. Nf3 Ke7 42. Kf1 Kf6 43. Kg2 Rd8 44. Ne5 c5 45. Nf3 Rh7 46. Rh1 Rhd7
47. Rhd1 cxd4 48. cxd4 Rc7 49. Nd2 Nxd2 50. R1xd2 Rdc8 51. Kf2 Rc2 52. Ke2 Ke7
53. Rxc2 Rxc2+ 54. Rd2 Rc1 55. Rd1 Rxd1 56. Kxd1 Kd6 57. Kd2 Kc6 58. Kc3 Kb5
59. Kc2 Ka5 60. Kc3 b5 61. Kc2 Kb6 62. Kc3 Ka5 63. Kc2 b4 64. a4 Kb6 65. Kd3
Kc6 66. Kc4 a5 67. Kd3 Kd5 68. Ke3 1/2-1/2

[Event "5.liga SE-SI 2019/2020"]
[Site "?"]
[Date "2020.01.18"]
[Round "5.1"]
[White "Mraz, Jan"]
[Black "Ralbovsky, Dominik"]
[Result "1-0"]
[WhiteElo "1657"]
[BlackElo "1125"]
[PlyCount "73"]
[EventDate "2019.10.19"]
[WhiteTeam "Jabuèa Petrova Ves - Gbely E"]
[BlackTeam "ŠK Nafta Gbely D"]

1. d4 e6 2. Bf4 c5 3. e3 Nf6 4. Bd3 Nc6 5. Nf3 h6 6. h3 cxd4 7. exd4 Qb6 8. b3
Nd5 9. Be3 Nxe3 10. fxe3 Bb4+ 11. c3 Be7 12. O-O d5 13. Qe2 Bd7 14. Nbd2 O-O-O
15. b4 f6 16. a4 Qc7 17. a5 e5 18. e4 dxe4 19. Bxe4 f5 20. Bxc6 Bxc6 21. Qxe5
g6 22. Qxc7+ Kxc7 23. Rfe1 Bf6 24. Re6 Rhf8 25. Rae1 Rde8 26. Rxe8 Rxe8 27.
Rxe8 Bxe8 28. Kf2 Kc6 29. Ke3 Kb5 30. Ne5 b6 31. axb6 axb6 32. Ndc4 Be7 33. d5
g5 34. Kd4 Bh5 35. d6 Bf6 36. d7 Bf7 37. Nd6+ 1-0

[Event "5.liga SE-SI 2019/2020"]
[Site "?"]
[Date "2020.01.18"]
[Round "5.1"]
[White "Lanza, Matej"]
[Black "Papanek, Lubomir"]
[Result "0-1"]
[WhiteElo "1157"]
[BlackElo "1563"]
[PlyCount "120"]
[EventDate "2019.10.19"]
[WhiteTeam "ŠK Nafta Gbely D"]
[BlackTeam "Jabuèa Petrova Ves - Gbely E"]

1. d4 Nf6 2. Nf3 g6 3. Nc3 Bg7 4. h3 b6 5. Bf4 Bb7 6. e3 O-O 7. Bd3 d6 8. O-O
e6 9. Qe2 Nbd7 10. Bh2 Re8 11. a3 e5 12. dxe5 dxe5 13. Ng5 h6 14. Nge4 Qe7 15.
Nxf6+ Nxf6 16. Bb5 c6 17. Ba6 Nd5 18. Nxd5 cxd5 19. Bb5 Red8 20. Rad1 a6 21.
Ba4 b5 22. Bb3 Rd7 23. e4 Rad8 24. exd5 Bxd5 25. Bxd5 Rxd5 26. Rxd5 Rxd5 27.
Rd1 Qd7 28. Rxd5 Qxd5 29. Qd3 Qxd3 30. cxd3 f5 31. f3 Kf7 32. Kf2 Ke6 33. Ke2
Kd5 34. Bg1 e4 35. fxe4+ fxe4 36. Ke3 Bd4+ 37. Kf4 Bxg1 38. dxe4+ Ke6 39. g3
Bd4 40. h4 Bxb2 41. Kg4 Bxa3 42. h5 g5 43. Kf3 Ke5 44. Ke3 Bc5+ 45. Kd3 a5 46.
g4 Bg1 47. Kc2 Kxe4 48. Kb3 Kd3 49. Ka3 Kc3 50. Ka2 b4 51. Kb1 Kb3 52. Ka1 Bd4+
53. Kb1 Ka3 54. Kc2 b3+ 55. Kb1 a4 56. Kc1 Ka2 57. Kd2 b2 58. Kd3 Bg7 59. Ke4
b1=Q+ 60. Kd5 Qb5+ 0-1

[Event "5.liga SE-SI 2019/2020"]
[Site "?"]
[Date "2020.01.18"]
[Round "5.2"]
[White "Otepka, Vladimir"]
[Black "Svrcek, Daniel"]
[Result "1/2-1/2"]
[WhiteElo "1753"]
[BlackElo "1498"]
[PlyCount "135"]
[EventDate "2019.10.19"]
[WhiteTeam "Å O Spartak Myjava B"]
[BlackTeam "Å achovÃ½ klub HolÃ­Ä� C"]

1. d4 e6 2. c4 d5 3. Nc3 Nf6 4. Bg5 Be7 5. e3 O-O 6. Bd3 h6 7. Bh4 b6 8. Nf3
Bb7 9. Rc1 dxc4 10. Bxc4 Nbd7 11. O-O Ne4 12. Bxe7 Qxe7 13. Nxe4 Bxe4 14. Be2
c5 15. Nd2 Bb7 16. Bf3 Bxf3 17. Nxf3 Rfd8 18. Qe2 e5 19. dxe5 Nxe5 20. Rfd1 Qf6
21. Nxe5 Qxe5 22. Rd2 Qf6 23. Rcd1 Rxd2 24. Qxd2 Kf8 25. Kf1 Qe6 26. Qd5 Qxd5
27. Rxd5 Ke7 28. Ke2 Ke6 29. e4 Rc8 30. f4 g6 31. g4 Rc6 32. h4 f6 33. g5 h5
34. f5+ gxf5 35. Rxf5 Kf7 36. gxf6 Rxf6 37. Rxh5 Kg6 38. Rg5+ Kh6 39. Ke3 c4
40. Kd4 Rf4 41. Re5 Rxh4 42. Kxc4 Rh2 43. Kb3 Rh3+ 44. Kb4 Rh2 45. Ka3 Rh3+ 46.
b3 Re3 47. Re7 Kg5 48. Rxa7 Rxe4 49. Rb7 Re6 50. Kb4 Kf5 51. Kb5 Re2 52. a4 Re3
53. b4 Re6 54. Rxb6 Re5+ 55. Ka6 Re8 56. a5 Ke5 57. Ka7 Kd5 58. Rb7 Re6 59. b5
Kc5 60. Rb6 Re7+ 61. Ka6 Kb4 62. Rb8 Re6+ 63. Rb6 Re8 64. Ka7 Kxa5 65. Rb7 Re6
66. b6 Rg6 67. Rb8 Kb5 68. Rb7 1/2-1/2

[Event "5.liga SE-SI 2019/2020"]
[Site "?"]
[Date "2020.01.18"]
[Round "5.2"]
[White "Datko, Jan"]
[Black "Stachovic, Jozef"]
[Result "0-1"]
[WhiteElo "1286"]
[BlackElo "1599"]
[PlyCount "82"]
[EventDate "2019.10.19"]
[WhiteTeam "Å achovÃ½ klub HolÃ­Ä� C"]
[BlackTeam "Å O Spartak Myjava B"]

1. e4 e5 2. Nf3 Nc6 3. Bc4 Nf6 4. Ng5 d5 5. exd5 Nxd5 6. Nxf7 Kxf7 7. Qf3+ Qf6
8. Bxd5+ Ke7 9. Qxf6+ gxf6 10. Bxc6 bxc6 11. Nc3 Bf5 12. d3 Kf7 13. O-O Bd6 14.
Re1 Rhg8 15. g3 h5 16. h4 Rg4 17. Ne4 Rag8 18. Bd2 Rxh4 19. Kf1 Rhg4 20. Nxd6+
cxd6 21. Ke2 h4 22. gxh4 Rxh4 23. Rh1 Rhg4 24. Be3 a6 25. c4 c5 26. a3 a5 27.
Rab1 Rb8 28. f3 Rg2+ 29. Bf2 Bxd3+ 30. Kxd3 Rxf2 31. Kc3 Rxf3+ 32. Kc2 Ke6 33.
Rh2 e4 34. b3 Ke5 35. Rd2 Rb6 36. b4 axb4 37. axb4 Rxb4 38. Rd5+ Ke6 39. Rxb4
cxb4 40. Kd2 Rc3 41. Rd4 f5 0-1

[Event "5.liga SE-SI 2019/2020"]
[Site "?"]
[Date "2020.01.18"]
[Round "5.2"]
[White "Belak, Michal"]
[Black "Horak, Viliam"]
[Result "0-1"]
[WhiteElo "1285"]
[BlackElo "1200"]
[PlyCount "84"]
[EventDate "2019.10.19"]
[WhiteTeam "Å O Spartak Myjava B"]
[BlackTeam "Å achovÃ½ klub HolÃ­Ä� C"]

1. e4 e6 2. Bc4 d5 3. exd5 exd5 4. Bb3 Nf6 5. Nf3 Bg4 6. O-O Be7 7. Nc3 O-O 8.
d3 h6 9. h3 Bh5 10. Qe2 Re8 11. Bf4 Bd6 12. Qd2 Bxf3 13. gxf3 c6 14. Bg3 Qd7
15. Kg2 Na6 16. a3 Re6 17. Rfe1 Rae8 18. Rxe6 Rxe6 19. Re1 Nc7 20. Rxe6 Nxe6
21. Ne2 Ng5 22. Ng1 Nh5 23. Qd1 Qc7 24. f4 Nxf4+ 25. Bxf4 Bxf4 26. Qg4 Bc1 27.
Qd4 a6 28. Ne2 Ne6 29. Qc3 Nf4+ 30. Nxf4 Qxf4 31. Qe1 Kf8 32. Qa5 Ke8 33. Qc3
Qg5+ 34. Kf1 Kd7 35. Qd4 Qf6 36. Qg4+ Kd8 37. Qb4 Kc7 38. Qc5 Bxb2 39. Bxd5 Bd4
40. Qa5+ b6 41. Qe1 cxd5 42. Qe2 Kd6 0-1

[Event "5.liga SE-SI 2019/2020"]
[Site "?"]
[Date "2020.01.18"]
[Round "5.2"]
[White "Matula, Tomas"]
[Black "Galik, Marcel"]
[Result "0-1"]
[WhiteElo "1000"]
[BlackElo "1000"]
[PlyCount "78"]
[EventDate "2019.10.19"]
[WhiteTeam "Å achovÃ½ klub HolÃ­Ä� C"]
[BlackTeam "Å O Spartak Myjava B"]

1. d4 d5 2. c4 e6 3. Nc3 Bb4 4. Bd2 c5 5. a3 Bxc3 6. Bxc3 Nf6 7. Nf3 Ne4 8. e3
Nxc3 9. bxc3 b6 10. cxd5 exd5 11. c4 Nc6 12. cxd5 Qxd5 13. Qc2 Bf5 14. Bd3 Bxd3
15. Qxd3 O-O 16. O-O Rfe8 17. Rac1 Rad8 18. Rfd1 f6 19. Rd2 Ne5 20. Nxe5 fxe5
21. e4 Qxd4 22. Qxd4 Rxd4 23. Rxd4 exd4 24. f3 d3 25. Kf2 c4 26. Ke3 Rd8 27.
Rd1 b5 28. Kd2 a5 29. h3 Kf7 30. g4 b4 31. a4 c3+ 32. Kc1 b3 33. Rf1 d2+ 34.
Kd1 c2+ 35. Ke2 d1=Q+ 36. Rxd1 cxd1=Q+ 37. Kf2 Rd2+ 38. Ke3 g5 39. f4 Qe2# 0-1

[Event "5.liga SE-SI 2019/2020"]
[Site "?"]
[Date "2020.01.18"]
[Round "5.2"]
[White "Martis, Jan"]
[Black "Gaza, Erik"]
[Result "0-1"]
[WhiteElo "1000"]
[BlackElo "1000"]
[PlyCount "78"]
[EventDate "2019.10.19"]
[WhiteTeam "Å O Spartak Myjava B"]
[BlackTeam "Å achovÃ½ klub HolÃ­Ä� C"]

1. e4 e5 2. Nf3 Nc6 3. Bc4 Bc5 4. d3 d6 5. h3 Nf6 6. O-O h6 7. a3 O-O 8. Nh2
Re8 9. Nc3 Be6 10. Bxe6 fxe6 11. Ne2 d5 12. b4 Bb6 13. Ng3 Bd4 14. Rb1 b5 15.
Bd2 Rb8 16. c3 Bb6 17. Kh1 a5 18. f4 Qd6 19. f5 axb4 20. axb4 Kh7 21. fxe6 Qxe6
22. Qc1 Ne7 23. Nf5 Nxf5 24. exf5 Qd6 25. Rf3 e4 26. Bf4 Qd7 27. Rf1 exd3 28.
Bd2 c5 29. bxc5 Bxc5 30. Rf3 Rbc8 31. g4 d4 32. g5 hxg5 33. Bxg5 Rf8 34. cxd4
Bxd4 35. Qf4 Qd5 36. Bxf6 gxf6 37. Qh4+ Kg7 38. Qh5 Rg8 39. Re1 d2 0-1

[Event "5.liga SE-SI 2019/2020"]
[Site "?"]
[Date "2020.01.18"]
[Round "5.3"]
[White "Nemeckay, Rastislav"]
[Black "Benci, Rudolf"]
[Result "1/2-1/2"]
[WhiteElo "1936"]
[BlackElo "1674"]
[Annotator "Diviak,Rasto"]
[PlyCount "37"]
[EventDate "2019.10.19"]
[WhiteTeam "Interchess ZÅ  BorskÃ½ MikulÃ¡Å¡"]
[BlackTeam "CVÄŒ Senica C"]

{[%evp 0,37,19,31,72,53,81,48,47,38,30,30,44,-7,23,-40,1,3,18,14,30,16,50,-9,
47,-59,49,82,45,75,65,75,58,25,90,58,57,57,69,54]} 1. e4 c5 2. Nf3 d6 3. Bb5+
Bd7 4. Qe2 e6 5. O-O Nc6 6. c3 a6 7. Ba4 b5 8. Bc2 Nf6 9. Rd1 Be7 10. d4 O-O
11. Nbd2 Qc7 12. Nf1 Rac8 13. dxc5 dxc5 14. e5 Nd5 15. a4 Na5 16. Ng3 c4 17.
Qe4 f5 18. exf6 Nxf6 19. Qe5 1/2-1/2

[Event "5.liga SE-SI 2019/2020"]
[Site "?"]
[Date "2020.01.18"]
[Round "5.3"]
[White "Benci, Jozef"]
[Black "Visvader, Kristof"]
[Result "0-1"]
[WhiteElo "1127"]
[BlackElo "1397"]
[PlyCount "73"]
[EventDate "2019.10.19"]
[WhiteTeam "CVÄŒ Senica C"]
[BlackTeam "Interchess ZÅ  BorskÃ½ MikulÃ¡Å¡"]

1. e4 e6 2. d4 d5 3. Nd2 c5 4. c3 cxd4 5. cxd4 Nc6 6. Ngf3 Bb4 7. e5 Qb6 8. a3
Be7 9. Nb3 a5 10. Be3 a4 11. Nbd2 Qxb2 12. Be2 Nh6 13. O-O Nf5 14. Qc1 Qxc1 15.
Raxc1 Bxa3 16. Ra1 Bb2 17. Rab1 a3 18. Nb3 Nxe3 19. fxe3 h6 20. Bd3 Nb4 21.
Rfd1 Bd7 22. Na1 Ba4 23. Rd2 Bc3 24. Re2 Nxd3 25. e4 dxe4 26. Rxe4 Bb2 27. Re3
Nb4 28. Nd2 Nc2 29. Nxc2 Bxc2 30. Rxa3 Bxa3 31. Rxb7 O-O 32. Nc4 Be4 33. Rb3
Bd5 34. Rc3 Bb4 35. Rc1 Rac8 36. Rf1 Bxc4 37. Rf3 0-1

[Event "5.liga SE-SI 2019/2020"]
[Site "?"]
[Date "2020.01.18"]
[Round "5.3"]
[White "Nemeckay, Dominik"]
[Black "Babic, Patrik"]
[Result "1-0"]
[WhiteElo "1453"]
[BlackElo "1000"]
[PlyCount "87"]
[EventDate "2019.10.19"]
[WhiteTeam "Interchess ZÅ  BorskÃ½ MikulÃ¡Å¡"]
[BlackTeam "CVÄŒ Senica C"]

1. e4 e5 2. Nf3 Nc6 3. Bc4 Nf6 4. d3 d6 5. c3 Bg4 6. Nbd2 Be7 7. Nf1 d5 8. exd5
Nxd5 9. h3 Bh5 10. Ng3 Bg6 11. O-O O-O 12. Re1 Nf4 13. d4 Na5 14. Nxe5 Nxc4 15.
Nxc4 Nd5 16. Ne5 Qd6 17. Nxg6 fxg6 18. Qg4 Qf6 19. Qe6+ Kh8 20. Qxf6 Bxf6 21.
Ne4 Rfe8 22. Bg5 Rf8 23. Bxf6 gxf6 24. Kf1 Nf4 25. Nc5 b6 26. Ne6 Nxe6 27. Rxe6
Rae8 28. Rae1 Rxe6 29. Rxe6 Kg7 30. Re7+ Rf7 31. Rxf7+ Kxf7 32. Ke2 Ke6 33. Ke3
g5 34. g3 Kf5 35. a4 a5 36. b4 h5 37. Kd3 g4 38. h4 Ke6 39. bxa5 bxa5 40. c4
Kd6 41. Ke4 c5 42. d5 Ke7 43. Kf5 Kf7 44. d6 1-0

[Event "5.liga SE-SI 2019/2020"]
[Site "?"]
[Date "2020.01.18"]
[Round "5.3"]
[White "Kaufmanova, Karin"]
[Black "Zverka, Peter Samuel"]
[Result "0-1"]
[WhiteElo "1134"]
[BlackElo "1370"]
[PlyCount "94"]
[EventDate "2019.10.19"]
[WhiteTeam "CVÄŒ Senica C"]
[BlackTeam "Interchess ZÅ  BorskÃ½ MikulÃ¡Å¡"]

1. e4 c5 2. Nf3 Nc6 3. Bb5 d6 4. Nc3 Bd7 5. d3 g6 6. O-O Bg7 7. Be3 Nf6 8. Qd2
O-O 9. Bh6 Qb6 10. Bxg7 Kxg7 11. Nd5 Nxd5 12. exd5 Qxb5 13. dxc6 Bxc6 14. Qc3+
f6 15. Ng5 Bd5 16. Rfe1 e5 17. Nh3 Qb4 18. Qxb4 cxb4 19. c4 bxc3 20. bxc3 Rac8
21. c4 Be6 22. Rab1 b6 23. Kh1 d5 24. cxd5 Bxd5 25. a3 Rc3 26. Rbc1 Rfc8 27.
Ra1 Rxd3 28. a4 Rd2 29. Rac1 Rcc2 30. Rxc2 Rxc2 31. Kg1 Kf7 32. Rd1 Ra2 33. Kh1
Ke6 34. Rc1 Rxa4 35. Rc7 b5 36. Rxh7 b4 37. Rh4 Ra1+ 38. Ng1 b3 39. Rb4 Ra6 40.
Rb8 Rb6 41. Rxb6+ axb6 42. h3 b2 43. Kh2 b1=Q 44. Kh1 Qf1 45. f3 e4 46. fxe4
Bxe4 47. Kh2 Qxg2# 0-1

[Event "5.liga SE-SI 2019/2020"]
[Site "?"]
[Date "2020.01.18"]
[Round "5.3"]
[White "Buraj, Patrik"]
[Black "Kaufman, Roman"]
[Result "1-0"]
[WhiteElo "1107"]
[BlackElo "1000"]
[PlyCount "87"]
[EventDate "2019.10.19"]
[WhiteTeam "Interchess ZÅ  BorskÃ½ MikulÃ¡Å¡"]
[BlackTeam "CVÄŒ Senica C"]

1. e4 e5 2. Nf3 Nc6 3. Bb5 Bc5 4. Nxe5 Nxe5 5. d4 Bb4+ 6. c3 Bxc3+ 7. Nxc3 Ng6
8. O-O c6 9. Ba4 b5 10. Bb3 N8e7 11. Bg5 O-O 12. a3 Ba6 13. Re1 Re8 14. d5 c5
15. d6 h6 16. dxe7 Nxe7 17. Bxe7 Rxe7 18. Nd5 Re5 19. Qf3 Qg5 20. Nc7 Bb7 21.
Nxa8 Qg6 22. Bd5 Bc8 23. Qg3 Rg5 24. Qf3 Kh7 25. Rac1 d6 26. Bxf7 Bg4 27. Bxg6+
Rxg6 28. Qf4 Bh3 29. g3 Rf6 30. Qh4 Be6 31. e5 g5 32. Qe4+ Bf5 33. Qb7+ Kg6 34.
exf6 Kxf6 35. Qe7+ Kg6 36. Re6+ Bxe6 37. Qxe6+ Kh5 38. Qxd6 c4 39. Rd1 a5 40.
f4 Kg4 41. Kg2 b4 42. Qe6+ Kh5 43. h3 c3 44. Qf7# 1-0

[Event "5.liga SE-SI 2019/2020"]
[Site "?"]
[Date "2020.01.18"]
[Round "5.4"]
[White "Romanova, Ela"]
[Black "Novomeska, Karin"]
[Result "1/2-1/2"]
[WhiteElo "1483"]
[BlackElo "1331"]
[PlyCount "49"]
[EventDate "2019.10.19"]
[WhiteTeam "Å K Skalica D"]
[BlackTeam "Å K Å tefanov B"]

1. e4 c6 2. d4 d5 3. e5 Bf5 4. Bd3 Bxd3 5. Qxd3 e6 6. Ne2 Ne7 7. O-O Ng6 8. Be3
Nd7 9. Ng3 Qb6 10. b3 c5 11. f4 cxd4 12. Bxd4 Bc5 13. c3 Nb8 14. Bxc5 Qxc5+ 15.
Qd4 Qxd4+ 16. cxd4 Nc6 17. Ne2 Nge7 18. Na3 a6 19. g4 g6 20. Nc2 Rc8 21. Rac1
h5 22. Ne3 Kd7 23. Kg2 Nb4 24. a3 Nbc6 25. h3 1/2-1/2

[Event "5.liga SE-SI 2019/2020"]
[Site "?"]
[Date "2020.01.18"]
[Round "5.4"]
[White "Tomasovic, Pavol"]
[Black "Dubanova, Kristina"]
[Result "1-0"]
[WhiteElo "1237"]
[BlackElo "1133"]
[PlyCount "65"]
[EventDate "2019.10.19"]
[WhiteTeam "Å K Å tefanov B"]
[BlackTeam "Å K Skalica D"]

1. e4 e5 2. Nf3 Nc6 3. Bb5 a6 4. Ba4 b5 5. Bb3 Bc5 6. O-O Nf6 7. Re1 d6 8. c3
Bg4 9. d3 h6 10. Be3 Ba7 11. Qe2 g5 12. Nbd2 Nd7 13. Bd5 Ne7 14. Bxa8 Qxa8 15.
Bxa7 Qxa7 16. Qe3 Qb8 17. d4 f6 18. dxe5 fxe5 19. h4 Ng6 20. hxg5 h5 21. g3 h4
22. gxh4 Nxh4 23. Nxh4 Rxh4 24. Qg3 Rh8 25. Qxg4 Ke7 26. Nf3 Qg8 27. Kg2 Qf7
28. Rh1 Rg8 29. Rh6 Kd8 30. Rah1 Kc8 31. Rh8 Kb7 32. Rxg8 Qxg8 33. Qxd7 1-0

[Event "5.liga SE-SI 2019/2020"]
[Site "?"]
[Date "2020.01.18"]
[Round "5.4"]
[White "Kroupova, Veronika"]
[Black "Novomesky, Roman"]
[Result "0-1"]
[WhiteElo "1000"]
[BlackElo "1416"]
[PlyCount "72"]
[EventDate "2019.10.19"]
[WhiteTeam "Å K Skalica D"]
[BlackTeam "Å K Å tefanov B"]

1. e4 e6 2. d4 d5 3. exd5 exd5 4. Nc3 Nf6 5. Bg5 Bd7 6. Bb5 c6 7. Bd3 Qb6 8.
Nf3 Qxb2 9. Na4 Bb4+ 10. Nd2 Bxd2+ 11. Bxd2 Qxd4 12. c3 Qe5+ 13. Be2 O-O 14.
O-O Be6 15. Bc1 Nbd7 16. Ba3 Rfe8 17. Bf3 b5 18. Re1 Qc7 19. Nc5 Nxc5 20. Bxc5
Nd7 21. Bd4 c5 22. Be3 Rad8 23. Be2 a6 24. Bd3 Ne5 25. Bf4 Bc8 26. Qh5 g6 27.
Qf3 Nxf3+ 28. gxf3 Qxf4 29. Rxe8+ Rxe8 30. a4 Qxf3 31. axb5 Qxd3 32. bxa6 Bxa6
33. Rxa6 Qxa6 34. c4 Qxc4 35. Kg2 Qg4+ 36. Kh1 Re1# 0-1

[Event "5.liga SE-SI 2019/2020"]
[Site "?"]
[Date "2020.01.18"]
[Round "5.4"]
[White "Vozar, Adam"]
[Black "Barcak, Vladimir"]
[Result "1-0"]
[WhiteElo "1104"]
[BlackElo "1000"]
[PlyCount "51"]
[EventDate "2019.10.19"]
[WhiteTeam "Å K Å tefanov B"]
[BlackTeam "Å K Skalica D"]

1. e4 e5 2. f4 exf4 3. Nf3 Nf6 4. Nc3 Bc5 5. d4 Bb6 6. Bc4 O-O 7. O-O Nc6 8.
Bxf4 d6 9. Kh1 Bg4 10. Bg5 Ba5 11. Nd5 Rc8 12. Nxf6+ gxf6 13. Bh6 Re8 14. h3
Bh5 15. c3 Rxe4 16. Qc2 Re8 17. Qf2 f5 18. Qg3+ Bg6 19. Nh4 Ne7 20. Nxg6 Nxg6
21. h4 c5 22. Rxf5 Bc7 23. Bxf7+ Kh8 24. Bxg6 d5 25. Bxe8 Bxg3 26. Rf8# 1-0

[Event "5.liga SE-SI 2019/2020"]
[Site "?"]
[Date "2020.01.18"]
[Round "5.4"]
[White "Kroupa, Roman"]
[Black "Bena, Pavol"]
[Result "0-1"]
[WhiteElo "1000"]
[BlackElo "1000"]
[PlyCount "30"]
[EventDate "2019.10.19"]
[WhiteTeam "Å K Skalica D"]
[BlackTeam "Å K Å tefanov B"]

1. e4 e5 2. Nf3 Nc6 3. Nc3 Nf6 4. Bc4 Bc5 5. O-O d6 6. Nb5 a6 7. Nc3 Bg4 8. d3
O-O 9. Nd5 Nd4 10. c3 Nxf3+ 11. gxf3 Bh3 12. Re1 Nxd5 13. Bxd5 Qf6 14. Qd2 Qxf3
15. Qg5 Bxf2# 0-1

[Event "5.liga SE-SI 2019/2020"]
[Site "?"]
[Date "2020.02.01"]
[Round "6.1"]
[White "Brunovsky, Peter"]
[Black "Wallner, Juraj"]
[Result "1-0"]
[WhiteElo "1910"]
[BlackElo "1606"]
[PlyCount "69"]
[EventDate "2019.10.19"]
[WhiteTeam "Å K Nafta Gbely D"]
[BlackTeam "Å K Å tefanov B"]

1. d4 d5 2. Nf3 e6 3. Bf4 c5 4. e3 Nc6 5. c3 cxd4 6. exd4 Bd6 7. Bg3 Nf6 8.
Nbd2 O-O 9. Bd3 Re8 10. Ne5 Qc7 11. f4 Ne7 12. O-O Nf5 13. Bf2 Nd7 14. Qc2 g6
15. Ndf3 f6 16. Nxd7 Bxd7 17. g3 e5 18. fxe5 fxe5 19. dxe5 Bxe5 20. Qb3 Kh8 21.
Bxf5 gxf5 22. Nxe5 Rxe5 23. Bd4 Kg8 24. Bxe5 Qxe5 25. Rae1 Qc7 26. Qxd5+ Kf8
27. Qe5 Qb6+ 28. Qd4 Kf7 29. Qxb6 axb6 30. Rd1 Be6 31. a3 Ke7 32. Rfe1 Rg8 33.
Rd4 Rc8 34. Rh4 Rh8 35. Rh6 1-0

[Event "5.liga SE-SI 2019/2020"]
[Site "?"]
[Date "2020.02.01"]
[Round "6.1"]
[White "Fajtakova, Silvia"]
[Black "Hyza, Richard"]
[Result "0-1"]
[WhiteElo "1531"]
[BlackElo "1232"]
[PlyCount "74"]
[EventDate "2019.10.19"]
[WhiteTeam "Å K Å tefanov B"]
[BlackTeam "Å K Nafta Gbely D"]

1. e4 Nf6 2. Nc3 d5 3. e5 Nfd7 4. d4 Nb6 5. h3 Bf5 6. Nf3 e6 7. a3 c5 8. Bb5+
Nc6 9. Ne2 Be7 10. Be3 c4 11. Bxc6+ bxc6 12. Qc1 O-O 13. Ng3 Bg6 14. h4 f6 15.
h5 Be8 16. Ne2 Qc7 17. g4 c5 18. g5 fxe5 19. Nxe5 cxd4 20. Bxd4 Nd7 21. Ng4 e5
22. Be3 Bc5 23. Bd2 Qb6 24. f4 Bd6 25. h6 g6 26. Rf1 Rb8 27. Rb1 Bxa3 28. fxe5
Rxf1+ 29. Kxf1 Bxb2 30. Qe1 Qe6 31. Nf2 Bxe5 32. Rxb8 Nxb8 33. Qb1 Qb6 34. Qa2
Nc6 35. Ng4 Bd7 36. Nxe5 Nxe5 37. Qa1 Qc7 0-1

[Event "5.liga SE-SI 2019/2020"]
[Site "?"]
[Date "2020.02.01"]
[Round "6.1"]
[White "Ralbovsky, Dominik"]
[Black "Novomeska, Karin"]
[Result "0-1"]
[WhiteElo "1156"]
[BlackElo "1361"]
[PlyCount "76"]
[EventDate "2019.10.19"]
[WhiteTeam "Å K Nafta Gbely D"]
[BlackTeam "Å K Å tefanov B"]

1. e4 c6 2. d4 d5 3. exd5 cxd5 4. Bd3 Nc6 5. Be3 Nf6 6. Ne2 e6 7. Nd2 Bd6 8. c3
Bd7 9. Qc2 Rc8 10. a3 h6 11. h3 Qc7 12. f4 h5 13. Nf3 Na5 14. Ne5 Bxe5 15. dxe5
Ng8 16. Rd1 Nc4 17. Bxc4 Qxc4 18. Rd4 Qc6 19. Rb4 b6 20. Nd4 Qc7 21. Kf2 a5 22.
Nb5 Bxb5 23. Rxb5 Rb8 24. Qa4 Qc6 25. Rc1 Ne7 26. c4 O-O 27. cxd5 Qd7 28. d6
Nd5 29. Qb3 Rfc8 30. Rxc8+ Qxc8 31. Bxb6 Nxb6 32. Rxb6 Qc5+ 33. Qe3 Qxe3+ 34.
Kxe3 Rxb6 35. d7 Rb8 36. b4 axb4 37. axb4 Kf8 38. Kd4 Ke7 0-1